| 000 | 01501nam0a2200349 4500 | ||
|---|---|---|---|
| 001 | RU\NLR\bibl\966560 | ||
| 005 | 20250614205809.0 | ||
| 010 |
_a5-89049-002-8 _bВ пер. |
||
| 021 |
_aRU _b2006-28649 _91424 |
||
| 035 | _a(nilc)RSL-KNO-002888093 | ||
| 035 | _a(NLR Aleph) 000954543 | ||
| 090 |
_a300838 _c300838 |
||
| 100 | _a20060519d2006 |||y0rusy50 ca | ||
| 101 | 0 | _arus | |
| 102 | _aRU | ||
| 105 | _ay ||||||||| | ||
| 106 | _ar | ||
| 200 | 1 |
_aСлавянские святцы _fЮрий Лощиц |
|
| 210 |
_aМосква _cИХТИОС _d2006 _eМ. _gТип. "Наука" |
||
| 215 |
_a431 с. _d22 |
||
| 225 | 1 |
_aСлавянский мир _eприложение к журналу "Новая книга России" _fСоюз писателей России |
|
| 610 | 0 | _aФилологические науки. Художественная литература -- Российская Федерация -- Русская литература -- с сер. 50-х гг. 20 в. -- Произведения художественной литературы -- Художественная проза -- Сборники одного автора | |
| 686 |
_aШ5(2=Р)75-64я44 _2rubbk |
||
| 686 | _aШ6(2=Р)75-4 | ||
| 700 | 1 |
_aЛощиц _bЮ. М. _gЮрий Михайлович _4070 |
|
| 801 | 0 |
_aRU _bРКП _c20060519 _grcr |
|
| 801 | 1 |
_aRU _bРГБ _c20060519 |
|
| 801 | 2 |
_aRU _bNLR _c20060711 _grcr |
|
| 942 | _cBOOK | ||
| 980 | _aNB | ||